Familia. Legislación y jurisprudencia
Gardado en:
| Autor Corporativo: | |
|---|---|
| Formato: | Libro |
| Idioma: | Lingua castelá |
| Publicado: |
Santiago
Punto Lex
2007
|
| Subjects: | |
| Tags: |
Engadir etiqueta
Sen Etiquetas, Sexa o primeiro en etiquetar este rexistro!
|
MARC
| LEADER | 00000nam a2200000 a 4500 | ||
|---|---|---|---|
| 001 | UCI2680 | ||
| 003 | CL-VaPUC | ||
| 008 | 070907e20070000CL |||||||||||||||||spa|d | ||
| 020 | |a 9789568541156 | ||
| 082 | 0 | 4 | |a 346.83015 |b DEP |2 21 |
| 110 | 2 | |a Departamento de Estudios Jurídicos PUNTOLEX |e author |9 523791 | |
| 245 | 1 | 0 | |a Familia. Legislación y jurisprudencia |
| 300 | |a 717 p | ||
| 942 | |c BK | ||
| 945 | |d 20070907 00:00:00 |a rbrito | ||
| 260 | |a Santiago |b Punto Lex |c 2007 | ||
| 650 | 0 | |a Derecho de familia |9 255603 | |
| 650 | 0 | |a Adopción |9 255783 | |
| 650 | 7 | |a PENSION DE ALIMENTOS |2 CL-VaPUC |9 523792 | |
| 650 | 0 | |a Adopción |9 255783 | |
| 650 | 0 | |a Derechos del niño |9 258728 | |
| 650 | 0 | |a Divorcio |9 256204 | |
| 650 | 0 | |a Filiación |9 256647 | |
| 650 | 7 | |a TRIBUNAL DE FAMILIA |2 CL-VaPUC |9 523793 | |
| 650 | 7 | |a MATRIMONIO |2 CL-VaPUC |9 523794 | |
| 650 | 7 | |a RESPONSABILIDAD PENAL JUVENIL |2 CL-VaPUC |9 523795 | |
| 650 | 0 | |a Jurisprudencia |9 255952 | |
| 650 | 0 | |a Violencia intrafamiliar |9 312986 | |
| 583 | |a last modification |c 20070907 00:00:00 |k Rodrigo Vera | ||
| 999 | |c 327158 |d 327156 | ||
| 952 | |0 0 |1 0 |4 0 |6 346_830150000000000_DEP_2007 |7 0 |8 A |9 409633 |a BIBDER |b BIBDER |d 2019-11-22 |i 4370457 |o 346.83015 DEP 2007 |p 4370457 |r 2023-01-25 |w 2019-11-22 |y BK |k DER | ||